Datum a čas kvízu
21
Celkem bodů
Celkový počet nahraných bodů na tomto kvízu bez doplňovacích otázek.
5.
Pořadí na kvízu
Konečné umístění týmu na tomto kvízu.
Zaznamenané odpovědi
| # | Otázka | Odpověď | Body | Výsledky |
|---|---|---|---|---|
| 1. | V Plzni na náměstí Republiky b... | z Třemošné | 0 | |
| 2. | Skupina filmařů minulý týden p... | raketoplánu Challenger | 0 | |
| 3. | Minulý týden bylo oznámeno, že... | Anděl Páně | 0 | |
| 4. | V pondělí vzali zákazníci útok... | o vejce | 1 | |
| 5. | V pondělí náš ženský tenisový... | Barbora Krejčíková, Kateřina Siniaková | 1 | |
| 6. | V první otázce věnované slavný... | Zrzečka | 0 | |
| 7. | Který hlodavec je obsažen v čí... | krysa | 1 | |
| 8. | Zobrazená myš z dílny společno... | Speedy Gonzales (Rychlík Gonzales) | 0 | |
| 9. | Jak se dvouslovně jmenuje tato... | Krysí smrť | 1 | |
| 10. | Téma zakončíme v mytologii, a... | veverka | 0 |